| 000 | 00456nam a22001697a 4500 | ||
|---|---|---|---|
| 005 | 20251108175903.0 | ||
| 008 | 250721s2021 xx 000 0 eng d | ||
| 082 | 1 | 4 | _aJ/F/SHA |
| 100 | 1 | _aal shawabkeh, jana murad | |
| 245 | 1 | 0 | _awhere does your imagination take you / |
| 264 | 1 |
_aعمان : _bاليازوري, _c2021. |
|
| 300 | _a55p. | ||
| 650 | 1 | 7 | _afiction |
| 653 | _aناشئون صغار(10-14)سنة | ||
| 942 |
_2ddc _cBK |
||
| 999 |
_c144775 _d144775 |
||